Cricket: Most Runs in Each IPL Season - Statistics

General Stats
  • This quiz has been taken 338 times
    80 since last reset
  • The average score is 14 of 18
Answer Stats
Year Country Team Runs Average S/R Answer % Correct
2016 IND Royal Challengers Bangalore 973 81.08 152.03 Virat Kohli
99%
2023 IND Gujarat Titans 890 59.33 157.80 Shubman Gill
95%
2024 IND Royal Challengers Bangalore 741 61.75 154.69 Virat Kohli
93%
2022 ENG Rajasthan Royals 863 57.53 149.05 Jos Buttler
91%
2012 WI Royal Challengers Bangalore 733 61.08 160.74 Chris Gayle
89%
2011 WI Royal Challengers Bangalore 608 67.55 183.13 Chris Gayle
89%
2019 AUS Sunrisers Hyderabad 692 69.20 143.86 David Warner
88%
2017 AUS Sunrisers Hyderabad 641 58.27 141.81 David Warner
88%
2015 AUS Sunrisers Hyderabad 562 43.23 156.54 David Warner
88%
2018 NZ Sunrisers Hyderabad 735 52.50 142.44 Kane Williamson
85%
2021 IND Chennai Super Kings 635 45.35 136.26 Ruturaj Gaikwad
80%
2020 IND Punjab Kings 670 55.83 129.34 KL Rahul
75%
2010 IND Mumbai Indians 618 47.53 132.61 Sachin Tendulkar
71%
2013 AUS Chennai Super Kings 733 52.35 129.50 Michael Hussey
68%
2009 AUS Chennai Super Kings 572 52.00 144.81 Matthew Hayden
65%
2025 IND Gujarat Titans 759 54.21 156.17 Sai Sudarshan
65%
2014 IND Kolkata Knight Riders 660 44.00 137.78 Robin Uthappa
53%
2008 AUS Kings XI Punjab 616 68.44 139.68 Shaun Marsh
53%
No matching quizzes found
Score Distribution
Percent of People with Each Score
Percentile by Number Answered
Your Score History
You have not taken this quiz since the last reset